|
|
|
|
| LEADER |
00000cam a2200000 4500 |
| 001 |
vtls011885401 |
| 003 |
SK-MaSNL |
| 005 |
20260301224723.0 |
| 008 |
200205s2019 xo bo r 000 0 slo |
| 015 |
|
|
|a SNBA2019/10
|
| 020 |
|
|
|a 9788097330002
|q (viazané)
|
| 035 |
|
|
|a urn:nbn:sk:snk-am00d6x8
|
| 035 |
|
|
|a urn:nbn:sk:snk-am3hrpz
|
| 035 |
|
|
|a 8DB09D2C-D72D-4B11-8A5A-06578B361CF3
|
| 040 |
|
|
|a SNK
|b slo
|c SNK
|e rda
|
| 041 |
0 |
|
|a slo
|
| 043 |
|
|
|a e-urk--
|a a-gs---
|a a-ai---
|a a-aj---
|
| 044 |
|
|
|a xo
|c SK
|
| 072 |
|
7 |
|a 91
|x Geografia ako veda. Výskum. Cestovanie
|2 konspekt
|
| 080 |
|
|
|a 910.3/.4
|2 2011
|
| 080 |
|
|
|a (479.22)
|2 2011
|
| 080 |
|
|
|a (479.25)
|2 2011
|
| 080 |
|
|
|a (479.243)
|2 2011
|
| 080 |
|
|
|a (0:82-992)
|2 2011
|
| 080 |
|
|
|a 796.57
|2 2011
|
| 100 |
1 |
|
|a Hromníková, Janka
|4 aut
|4 pht
|9 444388
|
| 245 |
1 |
0 |
|a Od Kaukazov po Araraty
|b Gruzínsko, Arménsko, Náhorný Karabach : bláznivý offroad trip
|c Janka Hromníková ; fotografie: Janka Hromníková, Roman Hromník, Ján Fafrák
|
| 250 |
|
|
|a Vydanie prvé
|
| 264 |
|
1 |
|a [Trenčín]
|b [Business Solution]
|c 2019
|
| 300 |
|
|
|a 133 strán
|b fotografie, mapy
|
| 336 |
|
|
|a text
|b txt
|2 rdacontent
|
| 337 |
|
|
|a bez média
|b n
|2 rdamedia
|
| 338 |
|
|
|a zväzok
|b nc
|2 rdacarrier
|
| 500 |
|
|
|a Vydavateľ podľa NA ISBN
|
| 650 |
0 |
7 |
|a objavné cesty
|2 SNKPH
|9 82735
|
| 650 |
0 |
7 |
|a Exploring voyages
|2 SNKPH
|9 290222
|
| 650 |
0 |
7 |
|a mototuristika
|2 SNKPH
|9 3262
|
| 650 |
0 |
7 |
|a Motorcycle travel
|2 SNKPHeng
|9 267925
|
| 651 |
|
7 |
|a Kaukaz (pohorie)
|2 SNKPHgeo
|9 56234
|
| 651 |
|
7 |
|a Gruzínsko
|2 SNKPHgeo
|9 19844
|
| 651 |
|
7 |
|a Náhorný Karabach (Azerbajdžan)
|2 SNKPHgeo
|9 98646
|
| 651 |
|
7 |
|a Georgia (Republic)
|2 SNKPHgeo
|9 145344
|
| 651 |
|
7 |
|a Armenia
|2 SNKPHeng
|9 336989
|
| 651 |
|
7 |
|a Nagorno-Karabakh (Azerbaijan)
|2 SNKPHeng
|9 506407
|
| 655 |
|
7 |
|a cestopisy
|2 SNKPH
|9 70220
|
| 655 |
|
7 |
|a Books of travels
|2 SNKPHeng
|9 280380
|
| 700 |
1 |
|
|a Hromník, Roman
|4 pht
|9 444389
|
| 700 |
1 |
|
|a Fafrák, Ján
|4 pht
|9 617314
|
| 919 |
|
|
|a 978-80-973300-0-2
|
| 999 |
|
|
|c 948314
|d 950244
|
| 952 |
|
|
|a SNK
|b SNK
|y PREZ
|7 0
|p 17A1376893
|o snkSC 185520
|i snk2019/22152
|8 0
|0 0
|1 0
|4 0
|d 2019-09-05
|f 1
|l 0
|r 2026-02-24 09:40:10
|w 2026-02-24
|
| 952 |
|
|
|a SNK
|b SNK
|y VYP
|7 0
|p 17A1376894
|o snkSC 185520 D1
|i snk2019/22155
|8 0
|0 0
|1 0
|4 0
|d 2019-09-05
|l 0
|r 2026-02-24 09:40:10
|w 2026-02-24
|